Decision making in the workplace : a unified perspective
Αποθηκεύτηκε σε:
| Άλλοι συγγραφείς: | |
|---|---|
| Μορφή: | Βιβλίο |
| Γλώσσα: | English |
| Δημοσίευση: |
New Jersey :
Lawrence Erlbaum Associates,
1996
|
| Θέματα: | |
| Ετικέτες: |
Προσθήκη ετικέτας
Δεν υπάρχουν, Καταχωρήστε ετικέτα πρώτοι!
|
MARC
| LEADER | 00000nam a2200000 i 4500 | ||
|---|---|---|---|
| 001 | 1/64167 | ||
| 008 | 980804s1996 eng d | ||
| 020 | |a 0805819932 | ||
| 035 | |l 10029380 | ||
| 040 | |a GR-MY-UA |b gre |e aacr | ||
| 041 | 0 | |a eng | |
| 082 | 0 | |a 658.403 | |
| 245 | 1 | 0 | |a Decision making in the workplace : |b a unified perspective / |c edited by: Lee Roy Beach |
| 260 | |a New Jersey : |b Lawrence Erlbaum Associates, |c 1996 | ||
| 300 | |a viii, 216 p. | ||
| 504 | |a Includes bibliographic references and index | ||
| 650 | 0 | 0 | |a Decision making. |
| 650 | 0 | 0 | |a Corporate culture. |
| 650 | 0 | 0 | |a Decision making |x Moral and ethical aspects. |
| 700 | 1 | |a Beach, Lee Roy. |4 edt | |
| 852 | |a INST |b CHIOS |e 19980804 |h 658.403 DEC |p 005200015937 |q 005200015937 |t BK |y 0 | ||
| 901 | |a BIBL-1998-2 | ||
| 909 | |a Χ |b 058272 | ||
| 922 | |a 2ΕΛΗ |b 199807 |c ΤΔΕ |d ΠΑΠΑΣΩΤΗΡΙΟΥ | ||